01008nam a2200265Ia 450000500170000000800410001702000150005804100080007308200220008110000260010324501210012925000220025030000250027249000440029750400520034158600440039365000700043765000180050765100520052526400420057733600270061933700330064633800280067904000350070720220316235744.0121119s2002 ck gr 000 0 spa  a95881593340 aspa04a364.198611 bB71c1 aBravo Páez, Ivonne 10aComportamientos ilícitos y mecanismos de control social en el Bolívar Grandeb1886-1905cIvonne Bravo Páez aPrimera edición a117 páginasc21 cm0 aPremios Departamentales de Cultura 1998 aReferencias bibliográficas: páginas 107-113 aPremios Departamentales de Cultura 1998142LEMBaProblemas socialeszRegión caribe (Colombia)y1886-1905142LEMBaDelitos14aRegión caribe (Colombia)xHistoriay1886-1905 aBogotábMinisterio de Culturac2002 atextobtxt2rdacontent asin mediaciónbn2rdamedia avolumenbnc2rdacarrier aCO-BoRNBPbspaerdacCO-BoRNBP